| 000 | 00470nam a2200169Ia 4500 | ||
|---|---|---|---|
| 008 | 220216s9999 xx 000 0 und d | ||
| 100 | _aNishio T | ||
| 245 | 0 | _aPCR-RFLP of S locus for identification of breeding lines in cruciferous vegetables | |
| 260 |
_bPlant Cell Reports _c1994 |
||
| 300 | _a546-550 | ||
| 650 | _aDNA polymorphisms | ||
| 650 | _aPCR-RFLP | ||
| 650 | _aVarietal identification | ||
| 700 | _aSakamoto K | ||
| 700 | _aYamaguchi J | ||
| 942 | _cJS | ||
| 999 |
_c64659 _d64659 |
||